Las políticas exteriores centroamericanas y las políticas internacionales hacia Centroamérica /

Guardado en:
Bibliografiske detaljer
Hovedforfatter: Rojas Aravena, Francisco
Institution som forfatter: Universidad Nacional. Escuela de Relaciones Internacionales
Andre forfattere: comp
Format: Texto
Udgivet: Heredia: UNA
Tags: Tilføj Tag
Ingen Tags, Vær først til at tagge denne postø!

MARC

LEADER 00000 a a2200000 04500
001 20842
003
040
090 |a 089206  
100 |a Rojas Aravena, Francisco  
110 |a Universidad Nacional. Escuela de Relaciones Internacionales  
245 |a Las políticas exteriores centroamericanas y las políticas internacionales hacia Centroamérica /  |c Francisco Rojas Aravena 
260 |a Heredia:   |b UNA  
300 |a 392 p.  
700 |a comp.  
999 |c 16087  |d 16087